Statement (Record no. 107314)

MARC details
000 -LEADER
fixed length control field 00914cam a22002295a 4500
001 - CONTROL NUMBER
control field L139573
008 - FIXED-LENGTH DATA ELEMENTS--GENERAL INFORMATION
fixed length control field 070731s2007 xxk f 000 0 eng d
020 ## - INTERNATIONAL STANDARD BOOK NUMBER
International Standard Book Number 9781841409580
035 ## - SYSTEM CONTROL NUMBER
System control number (Sirsi) u139573
041 0# - LANGUAGE CODE
Language code of text/sound track or separate title eng
050 04 - LIBRARY OF CONGRESS CALL NUMBER
Classification number 657.3 $2 18
110 2# - MAIN ENTRY--CORPORATE NAME
Corporate name or jurisdiction name as entry element Accounting Standards Board
9 (RLIN) 3454
245 00 - TITLE STATEMENT
Title Statement
Remainder of title half-yearly financial reports
260 ## - PUBLICATION, DISTRIBUTION, ETC.
Place of publication, distribution, etc. London
Name of publisher, distributor, etc. ASB $2 007
300 ## - PHYSICAL DESCRIPTION
Extent 36p.
Dimensions 21cm.
520 ## - SUMMARY, ETC.
Summary, etc. Statement aims to provide guidance for UK and Irish entities preparing half-yearly financial reports. Does not apply to reports required by the Disclosure and Transparency Rules of the Financial Services Authority or its Irish equivalent as laid out in IAS 34.
650 24 - SUBJECT ADDED ENTRY--TOPICAL TERM
Topical term or geographic name entry element DIRECTIVE 2004/109/EC
651 #4 - SUBJECT ADDED ENTRY--GEOGRAPHIC NAME
Geographic name United Kingdom
Chronological subdivision
651 #4 - SUBJECT ADDED ENTRY--GEOGRAPHIC NAME
Geographic name Ireland (Republic of)
Chronological subdivision
690 ## - LOCAL SUBJECT ADDED ENTRY--TOPICAL TERM (OCLC, RLIN)
Topical term or geographic name as entry element MANAGEMENT-BUSINESS MANAGEMENT-FINANCIAL MANAGEMENT-ACCOUNTING-FINANCIAL REPORTING
942 ## - ADDED ENTRY ELEMENTS (KOHA)
Suppress in OPAC 0
Holdings
Withdrawn status Lost status Source of classification or shelving scheme Damaged status Not for loan Home library Current library Shelving location Date acquired Total Checkouts Full call number Barcode Date last seen Copy number Price effective from Koha item type
    Dewey Decimal Classification     London London Boxed set 24/08/2007   BOXED SET 30074182 06/08/2019 1 06/08/2019 Reference material